[Event "Challenge"]
[Site "http://www.queenalice.com/game.php?id=624376"]
[Date "2009.7.25"]
[Round "-"]
[White "neoiron"]
[Black "pryazarias"]
[Result "1-0"]
[WhiteElo "1500"]
[BlackElo "1100"]

1. Nf3 b5 2. Nc3 b4 3. Nd5 a5 4. Ng5 Bb7 5. Ne3 Nf6 6. d4 Nc6 7. d5 Nd4 8. Qxd4
Nh5 9. Nc4 h6 10. Ne4 Ra6 11. e3 Rh7 12. Bd3 g5 13. O-O Ng7 14. a3 Nf5 15. axb4
Nxd4 16. exd4 Bxd5 17. bxa5 Bg7 18. c3 f5 19. Nc5 c6 20. Nxa6 Qa8 21. Ne3 h5 22.
Nxf5 Bf6 23. Nc5 g4 24. a6 Bf7 25. Bf4 d5 26. c4 Bxd4 27. Nb3 Bxb2 28. Ra4 Qc8
29. Bc1 Bf6 30. a7 Qa8 31. Nc5 Bd4 32. Ba3 Rh8 33. Ra6 Bxc5 34. Bxc5 e5 35. Nd6+
Kf8 36. Nf5+ Ke8 37. Re1 Be6 38. Ng7+ Kf7 39. Nf5 e4 40. Nd4 Bf5 41. Nxf5 exd3
42. Rd1 dxc4 43. Nd6+ Kg6 44. Nxc4 Rd8 45. Ne5+ Kg5 46. Nxc6 Rd5 47. Be7+ Kh6
48. Nb4+ Kh7 49. Nxd3 Rxd3 50. Rxd3 Qe4 51. Rd1 Qxe7 52. a8=Q Qe2 53. Qa7+ Kh8
54. Rd8+ Qe8 55. Rxe8# 1-0

[Event "Challenge"]
[Site "http://www.queenalice.com/game.php?id=626337"]
[Date "2009.7.28"]
[Round "-"]
[White "neoiron"]
[Black "pryazarias"]
[Result "1-0"]
[WhiteElo "1306"]
[BlackElo "1019"]

1. Nc3 a5 2. Nb5 g5 3. Nf3 h6 4. Ne5 Bg7 5. Ng4 h5 6. Ne3 h4 7. Nd5 Rh6 8. e3 d6
9. c3 b6 10. Bc4 Be5 11. d4 Bg7 12. O-O g4 13. e4 Na6 14. Qa4 Bb7 15. Nbxc7+ Kf8
16. Nxa8 Bc6 17. Qxc6 Bf6 18. Nf4 Kg7 19. Qd5 Nc7 20. Qf5 Qxa8 21. Nh5+ Kf8 22.
Qxg4 a4 23. e5 dxe5 24. Qd7 Ne8 25. Be3 Rxh5 26. d5 Kg7 27. Qg4+ Kf8 28. Qxh5
Nd6 29. Bxb6 Nxc4 30. Bc5 Qc8 31. Bb4 Qd8 32. Rad1 e4 33. Rd4 Nd6 34. c4 Bxd4
35. Qxh4 Nxc4 36. Qxe4 Bxb2 37. Qxc4 Nf6 38. Qh4 Nxd5 39. Bc5 Qc8 40. Qh8+ Bxh8
41. Ba3 Nc3 42. Rc1 Ne2+ 43. Kf1 Nxc1 44. Bxc1 Qxc1+ 45. Ke2 Qe1+ 46. Kxe1 Bc3+
47. Kd1 a3 48. h4 Kg8 49. Kc2 Bd4 50. f3 Bf2 51. h5 Kh7 52. g4 f6 53. Kb3 Bc5
54. f4 e6 55. g5 fxg5 56. fxg5 Be3 57. g6+ Kg7 58. Kxa3 e5 59. Kb3 Bd2 60. Kc4
Be3 61. Kd3 Bf4 62. Ke4 Bh2 63. a4 Kf8 64. h6 Ke7 65. g7 Kd6 66. g8=Q Kc5 67. h7
Kb4 68. Qe8 Ka5 69. h8=Q Bg1 70. Qexe5+ Kxa4 71. Qhe8+ Ka3 72. Qa1+ Kb3 73.
Qea4# 1-0

[Event "Challenge"]
[Site "http://www.queenalice.com/game.php?id=629483"]
[Date "2009.8.2"]
[Round "-"]
[White "rodrigomni"]
[Black "pryazarias"]
[Result "1-0"]
[WhiteElo "1055"]
[BlackElo "991"]

1. e4 b5 2. Nc3 Nf6 3. Nxb5 Nxe4 4. Qe2 Nf6 5. Nf3 Nc6 6. Qc4 Ba6 7. Nxc7+ Qxc7
8. Qxa6 Nb8 9. Qa4 Nc6 10. d3 h5 11. g3 Rh6 12. Bf4 Qb6 13. Bxh6 gxh6 14. Bh3
Qxb2 15. Rd1 d5 16. Qxc6+ Kd8 17. Qxa8+ Kc7 18. Qxf8 Qxa2 19. Qxe7+ Kb6 20.
Qxf6+ Ka5 21. Nd4 a6 22. Bd7 h4 23. Nb3+ Kb4 24. Qd4+ Ka3 25. Ra1 Qxa1+ 26.
Qxa1+ Kb4 27. Kd2 hxg3 28. Qa5# 1-0

[Event "Challenge"]
[Site "http://www.queenalice.com/game.php?id=660354"]
[Date "2009.9.29"]
[Round "-"]
[White "pryazarias"]
[Black "neoiron"]
[Result "0-1"]
[WhiteElo "864"]
[BlackElo "1310"]

1. g4 Nc6 2. a4 Nb4 3. c3 Nc6 4. h4 Nf6 5. g5 Ng4 6. f3 Nge5 7. f4 Ng4 8. Rh3 e5
9. f5 Bc5 10. Nf3 O-O 11. Rg3 Nf2 12. Qc2 d6 13. d3 Bxf5 14. Rg2 Nh3 15. c4 Bb4+
16. Kd1 Qd7 17. Rg3 Nd4 18. Bxh3 Nxc2 19. Kxc2 Bxh3 20. Rxh3 Qxh3 21. Ne1 Qxh4
22. Ng2 Qf2 23. Nh4 Qxe2+ 24. Kb3 Qe1 25. Na3 c5 26. Nf5 Qd1+ 27. Nc2 Qxd3+ 28.
Ka2 Qxc2 29. Nxd6 Rad8 30. Nxb7 Qxa4+ 31. Kb1 Qd7 32. Na5 Bxa5 33. Rxa5 Qd3+ 34.
Ka2 Qxc4+ 35. Ka1 Qxc1+ 36. Ka2 Qxg5 37. Rxc5 Ra8 38. b4 a6 39. Ka3 f5 40. Rxe5
Qg3+ 41. Ka4 Qxe5 42. Ka3 f4 43. Ka4 Qb5+ 44. Kb3 f3 45. Ka3 f2 46. Kb3 f1=Q 47.
Kc3 Qbc4+ 48. Kb2 Qfc1# 0-1

[Event "Challenge"]
[Site "http://www.queenalice.com/game.php?id=660580"]
[Date "2009.9.30"]
[Round "-"]
[White "pryazarias"]
[Black "rodrigomni"]
[Result "0-1"]
[WhiteElo "923"]
[BlackElo "1096"]

1. Nc3 e5 2. Nf3 d6 3. b4 Qf6 4. b5 Nd7 5. Nd5 Qe6 6. Ne3 Qf6 7. Ng1 e4 8. Rb1
a6 9. Ba3 axb5 10. Nd5 Qd8 11. Rxb5 Rxa3 12. c4 c6 13. Rb6 Nxb6 14. Nf4 Nxc4 15.
Qb3 Rxb3 16. axb3 Ne5 17. g4 Qa5 18. Ngh3 Qa1# 0-1

[Event "Vamos???"]
[Site "http://www.queenalice.com/game.php?id=722059"]
[Date "2010.1.29"]
[Round "-"]
[White "pryazarias"]
[Black "neoiron"]
[Result "0-1"]
[WhiteElo "864"]
[BlackElo "1310"]

1. b4 e5 2. Bb2 Qg5 3. c3 Nc6 4. d4 e4 5. Nh3 Qg4 6. Ng1 Nf6 7. Nd2 d5 8. h4 Be7
9. a3 O-O 10. f3 Qg3# 0-1

[Event "mais uma partida?"]
[Site "http://www.queenalice.com/game.php?id=723148"]
[Date "2010.1.31"]
[Round "-"]
[White "neoiron"]
[Black "pryazarias"]
[Result "0-1"]
[WhiteElo "1312"]
[BlackElo "864"]

1. Nf3 b5 2. Nc3 b4 3. Nb5 Ba6 4. Nbd4 g6 5. d3 Bg7 6. Qd2 Bxd4 7. Nxd4 h5 8.
Qxb4 Nf6 9. Bg5 Nd5 10. Qc5 Nf6 11. e4 Bb7 12. Nb5 Na6 13. Qc4 d6 14. Be2 h4 15.
O-O Rh5 0-1

[Event "Tentamos de novo"]
[Site "http://www.queenalice.com/game.php?id=732575"]
[Date "2010.2.16"]
[Round "-"]
[White "neoiron"]
[Black "pryazarias"]
[Result "1-0"]
[WhiteElo "1312"]
[BlackElo "864"]

1. Nf3 b5 2. Nc3 c6 3. Ng5 Nf6 4. e4 Rg8 5. Bd3 a6 6. O-O h6 7. Nf3 g5 8. Ne5 d6
9. Nxf7 Kxf7 10. a4 Nbd7 11. b4 Nb6 12. axb5 cxb5 13. Nxb5 Bd7 14. Nd4 d5 15. e5
Nh7 16. Bxh7 Rh8 17. Qh5+ Kg7 18. Qg6# 1-0